01578nam a2200277 a 450000100100000000500170001000800410002704000250006808200160009310000560010924500340016526000350019930000180023450000970025250501380034960000700048760000660055760000710062391000370069495201080073195201080083995201140094795201080106195201140116999900170128300001370020240226094336.0091127s1959 dr 000 0 spa d aDO-SdBNPbspacBNPHU a196.1bJ61m1 aJiménez Grullón, Juan Isidro,d1903-198393113410aAl margen de Ortega y Gasset. aHabana, Cuba :b[s.n.],c1959. a3v. ;c24 cm. av.2-3 publicado en Merida, Venezuela, Facultad de Humanidades de la Universidad de los Andes0 gv.1. Crítica a "El tema de nuestro tiempo --gv.2. Crítica a "En torno a Galileo --gv.3. Crítica a "La rebelión de las masas14aORTEGA Y GASSET, JOSÉd1883-1955tTEMA DE NUESTRO TIEMPO93113514aORTEGA Y GASSET, JOSÉd1883-1955tEN TORNO A GALILEO93113614aORTEGA Y GASSET, JOSÉd1883-1955tREBELIÓN DE LAS MASAS931137 aValidado. Control de calidad MFF 0010718PDaPDbPDcHDd2009-11-27iLF1l0ov. 1p13700-10r2020-06-25w2020-06-25yLFPDZNo se presta 0010718PDaPDbPDcHDd2009-11-27iLF1l0ov. 2p13700-20r2020-06-25w2020-06-25yLFPDZNo se presta 0010718PDaPDbPDcHDd2013-10-11iLF1l0ov. 2, e. 2p13700-30r2020-06-25w2020-06-25yLFPDZNo se presta 0010718PDaPDbPDcHDd2013-10-11iLF1l0ov. 3p13700-40r2020-06-25w2020-06-25yLFPDZNo se presta 0010718PDaPDbPDcHDd2013-11-21iLF1l0ov. 3, e. 2p13700-50r2020-06-25w2020-06-25yLFPDZNo se presta c13313d13313